000
00310nam a22001457a 4500
008
230912b ||||| |||| 00| 0 eng d
020
_a
021298392
041
_a
eng
080
_a
521
082
_a
521COU
100
_a
19
101
_a
ASTRO
245
_a
THE SOLAR SYSTEM
_c
COUSINS .W.F
942
_2
udc
_c
BK
999
_c
60347
_d
60347